<?xml version="1.0" encoding="UTF-8"?>
<collection xmlns:xsi="http://www.w3.org/2001/XMLSchema-instance" xsi:schemaLocation="http://www.loc.gov/MARC21/slim http://www.loc.gov/standards/marcxml/schema/MARC21slim.xsd" xmlns="http://www.loc.gov/MARC21/slim">
 <record>
  <leader>00000nam a2200000 i 4500</leader>
  <controlfield tag="001">UP-8027390931316665655</controlfield>
  <controlfield tag="003">Buklod</controlfield>
  <controlfield tag="005">20251211133040.0</controlfield>
  <controlfield tag="006">m    |o  d |      </controlfield>
  <controlfield tag="007">ta</controlfield>
  <controlfield tag="008">251211s2020    njua ab r    |||1 u|eng d</controlfield>
  <datafield tag="020" ind1=" " ind2=" ">
   <subfield code="z">0134990552</subfield>
  </datafield>
  <datafield tag="020" ind1=" " ind2=" ">
   <subfield code="a">9780134990552</subfield>
   <subfield code="a">(pbk.)</subfield>
  </datafield>
  <datafield tag="035" ind1=" " ind2=" ">
   <subfield code="a">20667981</subfield>
  </datafield>
  <datafield tag="040" ind1=" " ind2=" ">
   <subfield code="a">DLC</subfield>
   <subfield code="d">DEDUC</subfield>
   <subfield code="e">rda</subfield>
  </datafield>
  <datafield tag="041" ind1=" " ind2=" ">
   <subfield code="a">eng</subfield>
  </datafield>
  <datafield tag="090" ind1=" " ind2=" ">
   <subfield code="a">LB 1775</subfield>
   <subfield code="b">P37 2020</subfield>
  </datafield>
  <datafield tag="100" ind1="1" ind2=" ">
   <subfield code="a">Parkay, Forrest W.</subfield>
   <subfield code="e">author.</subfield>
  </datafield>
  <datafield tag="245" ind1="1" ind2="0">
   <subfield code="a">Becoming a teacher</subfield>
   <subfield code="c">Forrest W. Parkay.</subfield>
  </datafield>
  <datafield tag="250" ind1=" " ind2=" ">
   <subfield code="a">Eleventh edition.</subfield>
  </datafield>
  <datafield tag="264" ind1=" " ind2="1">
   <subfield code="a">Boston, MA</subfield>
   <subfield code="b">Pearson Education, Inc.</subfield>
   <subfield code="c">[2020]</subfield>
  </datafield>
  <datafield tag="300" ind1=" " ind2=" ">
   <subfield code="a">xxi, 522 pages</subfield>
   <subfield code="b">illustrations (chiefly color), map</subfield>
   <subfield code="c">28 cm.</subfield>
  </datafield>
  <datafield tag="336" ind1=" " ind2=" ">
   <subfield code="a">text</subfield>
   <subfield code="2">rdacontent</subfield>
  </datafield>
  <datafield tag="337" ind1=" " ind2=" ">
   <subfield code="a">unmediated</subfield>
   <subfield code="2">rdamedia</subfield>
  </datafield>
  <datafield tag="338" ind1=" " ind2=" ">
   <subfield code="a">volume</subfield>
   <subfield code="2">rdacarrier</subfield>
  </datafield>
  <datafield tag="504" ind1=" " ind2=" ">
   <subfield code="a">Includes bibliographical references and indexes.</subfield>
  </datafield>
  <datafield tag="505" ind1="0" ind2=" ">
   <subfield code="a">Teaching: your chosen profession -- Today's teachers -- Today's schools -- Philosophical foundations of U.S. education -- Historical foundations of U.S. education -- Governance and finance of U.S. schools -- Ethical and legal issues in U.S. education -- Today's students -- Addressing learners' individual needs -- Creating a community of learners -- Curriculum, standards, assessment, and student learning -- Integrating technology into teaching -- Becoming a professional teacher.</subfield>
  </datafield>
  <datafield tag="520" ind1=" " ind2=" ">
   <subfield code="a">&quot;The 11th edition of Becoming a Teacher continues to listen to the voices of those who care deeply about teaching--professionals and expert teachers, beginning teachers just learning the ropes, students in America's class-rooms, and teacher education students deciding if teaching is their best career path--to help readers discover the answer to the question, &quot;Is teaching for me?&quot; With the help of these stakeholders, the 11th edition focuses on teacher quality and provides in-depth cover-age of critical issues such as the following: - Every Student Succeeds Act (ESSA) - diversity and culturally competent teaching - social justice and democracy - students of undocumented immigrant parents - teacher leadership, political activism, and change facilitation - Adverse Childhood Experiences (ACE) and trauma-sensitive schools - federal education agenda Becoming a Teacher embraces and articulates the changing field of education, outlining ways to be an agent of change in the profession, pinpointing meaningful uses of technology in education, clarifying realities of diversity in the classroom, and clearly outlining past, present, and future thoughts on curriculum, instruction, assessment, management, philosophy, and issues in education. This down-to-earth and straightforward approach provides students with the tools and information necessary to answer the questions, &quot;What does it take to become a high-quality teacher?&quot; and &quot;Do I want to teach?&quot;&quot;--</subfield>
   <subfield code="c">Provided by publisher.</subfield>
  </datafield>
  <datafield tag="650" ind1=" " ind2="0">
   <subfield code="a">Teaching</subfield>
   <subfield code="x">Vocational guidance.</subfield>
  </datafield>
  <datafield tag="650" ind1=" " ind2="0">
   <subfield code="a">Education</subfield>
   <subfield code="x">Study and teaching</subfield>
   <subfield code="z">United States.</subfield>
  </datafield>
  <datafield tag="905" ind1=" " ind2=" ">
   <subfield code="a">FO</subfield>
  </datafield>
  <datafield tag="852" ind1="0" ind2=" ">
   <subfield code="a">UPD</subfield>
   <subfield code="b">DEDUC</subfield>
   <subfield code="h">LB 1775</subfield>
   <subfield code="i">P37 2020</subfield>
  </datafield>
  <datafield tag="942" ind1=" " ind2=" ">
   <subfield code="a">Book</subfield>
  </datafield>
 </record>
</collection>
